000 01112nam0a22002891 4500
001 rc\4300243
005 20250612042448.0
021 _aRU
_b[64-54387]
035 _a(NLR Aleph) 008501636
090 _a8112745
_c8112745
100 _a20130416d1964 |||y0rusy50 ca
101 0 _arus
102 _aRU
105 _ay z |||||
200 1 _aБолгарский народ в борьбе против фашизма
_e(Накануне и в начальный период второй мировой войны)
_fАкад. наук СССР. Ин-т славяноведения
210 _aМосква
_cНаука
_d1964
215 _a372 с.
_d21
320 _aБиблиогр. обзор: с. 4-10
320 _aБиблиогр.: с. 342-353
606 _aБолгария под игом фашизма
_2psbo
606 _aАнтифашистское движение в Болгарии
_2psbo
700 1 _aВалев
_bЛ.Б.
_f1915-1981
_gЛюбомир Борисович
801 0 _aRU
_bNLR
_gpsbo
801 1 _aRU
_bELAR
_2rusmarc
852 _aNLR
_j64-3/4295
942 _cBOOK
980 _aNB